|
|
|
|
| LEADER |
00000nam a2200000 a 4500 |
| 001 |
vtls001415950 |
| 003 |
SK-MaSNL |
| 005 |
20260425225201.0 |
| 008 |
251113s2001 xo a r y 0 slo |
| 015 |
|
|
|a SNBF2001/03-02078
|
| 020 |
|
|
|a 8096777785
|
| 035 |
|
|
|a SNK000370696
|
| 040 |
|
|
|a SNK
|b slo
|c SNK
|e AACR2
|
| 041 |
0 |
|
|a slo
|
| 044 |
|
|
|a xo
|c SK
|
| 080 |
|
|
|a 47.23:654.9:658.11:658.64:659(437.6)(058)"2000/2001"
|2 1981
|
| 080 |
|
|
|a 654.9
|2 1981
|
| 080 |
|
|
|a 658.11
|2 1981
|
| 080 |
|
|
|a 658.64
|2 1981
|
| 080 |
|
|
|a 659
|2 1981
|
| 110 |
0 |
|
|a INFODOM (Bratislava, Slovensko)
|4 aut
|9 35098
|
| 245 |
1 |
|
|a Alarm
|b almanach informácií pre ochranu majetku a osôb
|
| 250 |
|
|
|a 4. vyd.
|
| 260 |
|
|
|a Bratislava
|b Infodom
|c 2001
|
| 300 |
|
|
|a 87 s.
|b rekl., tb., fareb. obr.
|c 30 cm
|
| 490 |
1 |
|
|a Edícia almanach
|
| 504 |
|
|
|a Reg. firiem
|
| 650 |
0 |
7 |
|a bezpečnostné systémy
|2 SNK
|9 78869
|
| 651 |
|
7 |
|a Slovensko
|2 SNK
|9 14231
|
| 651 |
|
7 |
|a Slovensko
|x systémy bezpečnostné
|x firmy
|x služby
|y 2000-2001
|x almanachy
|x adresáre
|2 SNK
|9 391115
|
| 830 |
|
0 |
|a Edícia almanach
|9 391116
|
| 919 |
|
|
|a 80-967777-8-5
|
| 958 |
|
|
|a FAD
|
| 958 |
|
|
|a TL
|
| 999 |
|
|
|c 640214
|d 642144
|
| 952 |
|
|
|t P60, <03>, [BOOK], {603}
|a SNK
|b SNK
|y PREZ
|7 0
|p 17A0305548
|o snkOSB 11846/2000/2001
|i snkKSP 7847/2001
|0 0
|1 0
|4 0
|d 2001-06-29
|l 0
|r 2005-01-02 00:00:00
|w 2026-02-23
|
| 952 |
|
|
|a SNK
|b SNK
|y VYP
|7 0
|p 17A0305549
|o snkOSB 11846/2000/2001 D1
|i snkKSP 7848/2001
|0 0
|1 0
|4 0
|d 2001-06-29
|l 0
|r 2005-01-02 00:00:00
|w 2026-02-23
|